000 02011cam a2200301 4500
001 8274
005 20181127185520.0
008 090526s2009 stka b 001 0 eng
020 _a0702030120 (hbk.)
020 _a9780702030123 (hbk.)
082 0 4 _a618.19059
_222
100 _aDixon, J. Michael .
_b
_c
_d
_eeditor
_q
245 0 0 _aBreast surgery.
250 _a4th ed. /
_bedited by J. Michael Dixon.
260 _aEdinburgh ;
_aNew York :
_bSaunders/Elsevier,
_c2009.
300 _axiii, 312 p. :
_bill. ;
_c26 cm.
336 _atext
_btxt
_2rdacontent
337 _aunmediated
_bn
_2rdamedia
338 _avolume
_bnc
_2rdacarrier
490 1 _aCompanion to specialist surgical practice
504 _aIncludes bibliographical references and index.
505 _aCONTENTS: The role of imaging in breast diagnosis including screening and excision of impalpable lesions y Pathology and biology of breast cancer y Ductoscopy and the intraductal approach to breast cancer y Breast- conserving surgery: the balance between good cosmesis and local control y Techniques of mastectomy -- tips and pitfalls y Oncoplastic procedures to allow breast conservation and a satisfactory cosmetic outcome y The axilla: current management including sentinel node and lymphoedema y Prevention of breast cancer: the genetics of breast cancer and risk-reducing surgery y Breast reconstruction y Breast cancer treatments of uncommon diseases y Treatment of ductal carcinoma in situ y The role of systemic therapy in patients with operable breast cancer y Locally advanced breast cancer y Metastatic disease and palliative care y Adjuvant radiotherapy in the management of breast cancer y Psychosocial issues in breast cancer y Benign breast disease y Litigation in breast disease y Index.
_g
_r
_t
650 1 2 _aBreast Neoplasms
_xsurgery
_0
650 2 2 _aBreast
_xsurgery
_0
700 1 _aDixon, J. M.
_q(J. Michael)
830 0 _aCompanion to specialist surgical practice.
999 _c7140
_d7140